|
|
|
|
| LEADER |
00000nam0a2200000 4500 |
| 001 |
31170 |
| 005 |
20231030204349.0 |
| 010 |
|
|
|a 5741801897
|
| 035 |
|
|
|a (RuTPU)RU\TPU\book\31447
|
| 035 |
|
|
|a BOOK00031526
|
| 090 |
|
|
|a 31170
|
| 100 |
|
|
|a 20011209d2001 m y0rusy50 ca
|
| 101 |
0 |
|
|a rus
|
| 102 |
|
|
|a RU
|
| 105 |
|
|
|a y z 001zy
|
| 200 |
1 |
|
|a Современное университетское издательство
|h Ч. 2
|f Л. Х. Гитис
|g Московский государственный горный университет
|
| 210 |
|
|
|a Москва
|c Изд-во МГГУ
|d 2001
|
| 215 |
|
|
|a 179 с.
|
| 320 |
|
|
|a Список литературы: с. 176.
|
| 610 |
1 |
|
|a издательское дело
|
| 610 |
1 |
|
|a издательства
|
| 610 |
1 |
|
|a конкуренция
|
| 610 |
1 |
|
|a предпринимательство
|
| 610 |
1 |
|
|a литература
|
| 610 |
1 |
|
|a редактирование
|
| 610 |
1 |
|
|a издательская продукция
|
| 610 |
1 |
|
|a инфраструктура
|
| 610 |
1 |
|
|a опыт работы
|
| 610 |
1 |
|
|a функциональные обязанности
|
| 610 |
1 |
|
|a издательства вузовские
|
| 610 |
1 |
|
|a информационные технологии
|
| 610 |
1 |
|
|a малотиражное книгоиздание
|
| 675 |
|
|
|a 655.4
|v 3
|
| 700 |
|
1 |
|a Гитис
|b Л. Х.
|g Леонид Хаскелевич
|
| 712 |
0 |
2 |
|a Московский государственный горный университет
|2 stltpush
|3 (RuTPU)RU\TPU\col\453
|
| 801 |
|
0 |
|a RU
|b 63413507
|c 20011209
|g PSBO
|
| 801 |
|
2 |
|a RU
|b 63413507
|c 20071207
|g PSBO
|
| 942 |
|
|
|c BK
|